No surrender : (Record no. 551853)
[ view plain ]
| 000 -LEADER | |
|---|---|
| fixed length control field | 00768cam a2200181 i 4500 |
| 020 ## - INTERNATIONAL STANDARD BOOK NUMBER | |
| International Standard Book Number | 0233966978 : |
| 082 00 - DEWEY DECIMAL CLASSIFICATION NUMBER | |
| Classification number | 923.55 |
| Author Mark | ONO |
| -- | L-30II, P-6 |
| 100 1# - MAIN ENTRY--PERSONAL NAME | |
| Personal name | Onoda, Hiroo. |
| 9 (RLIN) | 48900 |
| 245 10 - TITLE STATEMENT | |
| Title | No surrender : |
| Remainder of title | my thirty-year war / |
| Statement of responsibility, etc. | Hiroo Onoda ; translated [from the Japanese] by Charles S. Terry. |
| 260 ## - PUBLICATION, DISTRIBUTION, ETC. | |
| Place of publication, distribution, etc. | London : |
| Name of publisher, distributor, etc. | Deutsch, |
| Date of publication, distribution, etc. | 1975, c1974. |
| 300 ## - PHYSICAL DESCRIPTION | |
| Extent | 219 p., [8] p. of plates : |
| Other physical details | ill., map (on lining paper), ports. ; |
| Dimensions | 23 cm. |
| 500 ## - GENERAL NOTE | |
| General note | Translation of Waga Rubantō no sanjūnen sensō. |
| 526 ## - STUDY PROGRAM INFORMATION NOTE | |
| Program name | 0 |
| Interest level | 0 |
| Reading level | 0 |
| Title point value | 923_550000000000000_ONO |
| 650 #0 - SUBJECT ADDED ENTRY--TOPICAL TERM | |
| Topical term or geographic name entry element | World War, 1939-1945 |
| General subdivision | Armistices. |
| 9 (RLIN) | 48901 |
| 650 #0 - SUBJECT ADDED ENTRY--TOPICAL TERM | |
| Topical term or geographic name entry element | World War, 1939-1945 |
| General subdivision | Personal narratives, Japanese. |
| 9 (RLIN) | 48902 |
| 650 #0 - SUBJECT ADDED ENTRY--TOPICAL TERM | |
| Topical term or geographic name entry element | World War, 1939-1945 |
| Geographic subdivision | Philippines |
| -- | Lubang Island. |
| 9 (RLIN) | 48903 |
| 942 ## - ADDED ENTRY ELEMENTS (KOHA) | |
| Source of classification or shelving scheme | |
| Koha item type | Book |
| Withdrawn status | Lost status | Source of classification or shelving scheme | Damaged status | Not for loan | Permanent Location | Current Location | Date acquired | Total Checkouts | Total Renewals | Full call number | Barcode | Date last seen | Date last checked out | Price effective from | Koha item type |
|---|---|---|---|---|---|---|---|---|---|---|---|---|---|---|---|
| Military College of Engineering (MCE) | Military College of Engineering (MCE) | 12/31/2014 | 3 | 2 | 923.55 ONO | MCE-5366 | 04/24/2020 | 02/21/2020 | 12/31/2014 | Book |
